000 00840nam a22003017a 4500
001 6018
003 FISKH
005 20250221095342.0
008 250221b cb ||||| |||| 00| 0 eng d
020 _a0439304687
040 _aFISKH
_beng
_cFISKH
_dFISKH
050 _aPZ7.B9836 M
082 _a514
100 _a Byars, Betsy
_d(1928–2020)
245 _aMe Tarzan /
_cBetsy Byars ; Illustrations by Bill Cigliano
250 _aThis edition first published in 2001
260 _aNew York :
_bScholastic,
_c2000.
300 _a87 pages :
_billustrations ;
_c20 cm
505 _aN
520 _a0439304687
521 8 _a580
_bLexile
521 8 _aN
_bRaz-Plus
650 _2Humor
_aRealistic fiction
650 _2Betsy Byars
_aTarzan
700 _aCigliano, Bill
_dillustrator
942 _2ddc
_cBK
_n0
999 _c6018
_d6018